Zásady UNIDROIT a Viedenský dohovor - alternatívne alebo doplňujúce sa nástroje medzinárodného obchodu?

Najnovšia iniciatíva Medzinárodného ústavu pre zjednotenie súkromného práva (UNIDROIT) v Ríme do procesu racionalizácie právnej stránky (1994). Objasnenie obsahu a poslania Zásad medzinárodných obchodných zmlúv (Zásad UNIDROIT) na základe porovnania s Viedenským dohovorom OSN o zmluvách o medzinárod...

Ausführliche Beschreibung

Gespeichert in:
Bibliographische Detailangaben
1. Verfasser: Bonell, M.J
Format: Buchkapitel
Sprache:Slowakisch
Schlagworte:
Tags: Tag hinzufügen
Keine Tags, Fügen Sie das erste Tag hinzu!

MARC

LEADER 00000naa a2200000 4500
001 r025129
005 20230921125035.9
041 0 |a slo 
044 |a SK 
245 1 0 |a Zásady UNIDROIT a Viedenský dohovor - alternatívne alebo doplňujúce sa nástroje medzinárodného obchodu?  |c M.J. Bonell 
520 |a Najnovšia iniciatíva Medzinárodného ústavu pre zjednotenie súkromného práva (UNIDROIT) v Ríme do procesu racionalizácie právnej stránky (1994). Objasnenie obsahu a poslania Zásad medzinárodných obchodných zmlúv (Zásad UNIDROIT) na základe porovnania s Viedenským dohovorom OSN o zmluvách o medzinárodnej kúpe tovaru. 
610 2 0 |a obchod medzinárodný 
610 2 0 |a dohody obchodné medzinárodné 
610 2 0 |a UNIDROIT 
610 2 0 |a Viedenský dohovor OSN 
610 2 0 |a právo zmluvné 
610 2 0 |a zmluvy medzinárodné 
100 1 |a Bonell, M.J.